[Event "Knights of Caissa Norm Tournament #1"]
[Site "SchemingMind.com"]
[Date "2022.05.22"]
[Round "-"]
[White "ramesse"]
[Black "Giraldo Menendez Rodriguez"]
[Result "1/2-1/2"]
[WhiteCountry "SVK"]
[BlackCountry "CUB"]
[WhiteElo "2525"]
[WhiteRD "79"]
[BlackElo "2559"]
[BlackRD "83"]
[GameID "723750"]

1. e4 c5 2. Ne2 Nf6 3. Nbc3 d5 4. exd5 Nxd5 5. Nxd5 Qxd5 6. d4 e5 7. dxe5 Qxe5 8. c3 Nc6 9. Bf4 Qf6 10. Be3 Bd7
11. Ng3 Ne5 12. Qc2 Be7 13. Be2 O-O 14. O-O Rfe8 15. f4 Ng4 16. Bxg4 Bxg4 17. f5 Bd6 18. Rae1 Bxg3 19. hxg3 Qd6 20. f6 gxf6
21. Qf2 b6 22. a3 f5 23. Bf4 Qd3 24. Be5 Qd8 25. Qf4 f6 26. Bxf6 Qxf6 27. Qxg4+ fxg4 28. Rxe8+ Rxe8 29. Rxf6 Re2=
1/2-1/2

[Event "Knights of Caissa Norm Tournament #1"]
[Site "SchemingMind.com"]
[Date "2022.05.22"]
[Round "-"]
[White "Giraldo Menendez Rodriguez"]
[Black "ramesse"]
[Result "1-0"]
[WhiteCountry "CUB"]
[BlackCountry "SVK"]
[WhiteElo "2548"]
[WhiteRD "76"]
[BlackElo "2301"]
[BlackRD "72"]
[GameID "723751"]

1. Nf3 d5 2. d4 c6 3. c4 Nf6 4. Nc3 e6 5. Bg5 Nbd7 6. e3 Qa5 7. cxd5 Nxd5 8. Rc1 Bb4 9. Qd2 b6 10. a3 Bxc3
11. bxc3 h6 12. Bh4 c5 13. c4 Qxd2+ 14. Nxd2 Ne7 15. f3 Ba6 16. Be2 cxd4 17. exd4 Rc8 18. O-O Nf5 19. Bf2 O-O 20. Rfd1 Rfd8
21. g4 Nd6 22. Bg3 Nf6 23. Kf2 Nb7 24. Nb3 Nd6 25. Bxd6 Rxd6 26. h4 Rd7 27. a4 h5 28. Ke3 hxg4 29. fxg4 Re7 30. a5 Rec7
31. axb6 axb6 32. Nd2 b5 33. Ra1 Bb7 34. g5 Ne8 35. cxb5 Nd6 36. Ra3 Nf5+ 37. Kf2 Nxd4 38. Bd3 Rc5 39. b6 Nb5 40. Rb3
1-0

[Event "Knights of Caissa Norm Tournament #1"]
[Site "SchemingMind.com"]
[Date "2022.08.09"]
[Round "-"]
[White "Giraldo Menendez Rodriguez"]
[Black "Matthew Bailey"]
[Result "1/2-1/2"]
[WhiteCountry "CUB"]
[BlackCountry "ENG"]
[WhiteElo "2548"]
[WhiteRD "76"]
[BlackElo "2574"]
[BlackRD "78"]
[GameID "725903"]

1. e4 e5 2. Nf3 Nc6 3. Bb5 a6 4. Ba4 Nf6 5. O-O Be7 6. Re1 b5 7. Bb3 O-O 8. c3 Na5 9. Bc2 d5 10. exd5 e4
11. Bxe4 Nxe4 12. Rxe4 Bb7 13. d4 Re8 14. Nbd2 Qxd5 15. b3 c5 16. Ba3 b4 17. Bb2 Bf6 18. Rxe8+ Rxe8 19. cxb4 cxb4 20. Nf1 Nc6
21. Ne3 Qd8 22. Ng4 h5 23. Nxf6+ Qxf6 24. Rc1 Nd8 25. Ne5 Ne6 26. d5 Nf4 27. Nd3 Qg5 28. Nxf4 Qxf4 29. d6 Rd8 30. d7 Qf5
31. Qd4 f6 32. Qxb4 Qxd7 33. h3 Rc8=
1/2-1/2

[Event "Knights of Caissa Norm Tournament #1"]
[Site "SchemingMind.com"]
[Date "2022.08.09"]
[Round "-"]
[White "Matthew Bailey"]
[Black "Giraldo Menendez Rodriguez"]
[Result "1-0"]
[WhiteCountry "ENG"]
[BlackCountry "CUB"]
[WhiteElo "2584"]
[WhiteRD "72"]
[BlackElo "2546"]
[BlackRD "72"]
[GameID "725904"]

1. e4 c5 2. Nf3 d6 3. d4 cxd4 4. Nxd4 Nf6 5. Nc3 a6 6. Be3 e5 7. Nb3 Be6 8. Qd2 Nbd7 9. O-O-O Be7 10. h3 b5
11. g4 O-O 12. Kb1 b4 13. Nd5 Bxd5 14. exd5 a5 15. Bb5 a4 16. Nc1 a3 17. Qxb4 axb2 18. Nb3 h6 19. Bc6 Rb8 20. Qe1 Qc7
21. c4 Nb6 22. Qe2 h5 23. Rhg1 Qa7 24. gxh5 Ra8 25. Bxa8 Rxa8 26. Qxb2 Nxc4 27. Bxa7 Nxb2 28. Kxb2 Rxa7 29. h6 g6 30. Rd3 Nh5
31. Nd2 Kh7 32. Ra3 Rd7 33. Rc1 Kxh6 34. Rc6 f5 35. Nc4 e4 36. Nb6 Rb7 37. Rb3 Bf6+ 38. Kc2 Ra7 39. a3 Nf4 40. Nc8 Ra4
41. Nxd6 Nxd5 42. Rc5 Ne7 43. f3 Ra6 44. Nf7+ Kg7 45. Ne5 Re6 46. Rbb5 exf3 47. Nxf3 f4 48. Rb3 Nf5 49. Kd2
1-0

[Event "Knights of Caissa Norm Tournament #1"]
[Site "SchemingMind.com"]
[Date "2022.08.19"]
[Round "-"]
[White "Giraldo Menendez Rodriguez"]
[Black "trazadora"]
[Result "1/2-1/2"]
[WhiteCountry "CUB"]
[BlackCountry "CUB"]
[WhiteElo "2546"]
[WhiteRD "72"]
[BlackElo "2540"]
[BlackRD "83"]
[GameID "726101"]

1. Nf3 d5 2. d4 Nf6 3. c4 e6 4. Nc3 c6 5. Bg5 h6 6. Bh4 dxc4 7. e4 g5 8. Bg3 b5 9. h4 Rg8 10. hxg5 hxg5
11. e5 Nd5 12. Nd2 Bb7 13. Be2 Nd7 14. Rh7 Nxc3 15. bxc3 c5 16. Rb1 Qc7 17. Bh5 Rg7 18. Rxg7 Bxg7 19. Qg4 Kf8 20. Nf3 cxd4
21. Nxg5 Nxe5 22. Rxb5 Bd5 23. Nh7+ Kg8 24. Nf6+ Kf8 25. Nxd5 exd5=
1/2-1/2

[Event "Knights of Caissa Norm Tournament #1"]
[Site "SchemingMind.com"]
[Date "2022.08.19"]
[Round "-"]
[White "trazadora"]
[Black "Giraldo Menendez Rodriguez"]
[Result "1/2-1/2"]
[WhiteCountry "CUB"]
[BlackCountry "CUB"]
[WhiteElo "2538"]
[WhiteRD "77"]
[BlackElo "2545"]
[BlackRD "74"]
[GameID "726102"]

1. e4 c5 2. Nc3 d6 3. Nge2 Nf6 4. d4 cxd4 5. Nxd4 a6 6. f3 e5 7. Nb3 Be6 8. Be3 h5 9. Nd5 Bxd5 10. exd5 Nbd7
11. Qd2 g6 12. O-O-O Nb6 13. Qa5 Bh6 14. Bxh6 Rxh6 15. Qd2 Rh8 16. Na5 Kf8 17. c4 Kg7 18. Bd3 Rc8 19. Kb1 Qc7 20. Rhe1 Nbd7
21. Rc1 Rhe8 22. Bc2 Qb8 23. h4 b5 24. Nc6 Qb6 25. cxb5 axb5 26. g4 Rh8 27. g5=
1/2-1/2

[Event "Knights of Caissa Norm Tournament #1"]
[Site "SchemingMind.com"]
[Date "2022.08.19"]
[Round "-"]
[White "Matthew Bailey"]
[Black "trazadora"]
[Result "1/2-1/2"]
[WhiteCountry "ENG"]
[BlackCountry "CUB"]
[WhiteElo "2584"]
[WhiteRD "72"]
[BlackElo "2540"]
[BlackRD "83"]
[GameID "726103"]

1. d4 d5 2. c4 e6 3. Nc3 Nf6 4. cxd5 Nxd5 5. e4 Nxc3 6. bxc3 c5 7. Nf3 cxd4 8. cxd4 Bb4+ 9. Bd2 Bxd2+ 10. Qxd2 O-O
11. Bc4 Nd7 12. O-O b6 13. Rfe1 Bb7 14. Rad1 Rc8 15. Bb3 Re8 16. d5 exd5 17. exd5 Nc5 18. d6 Bxf3 19. gxf3 Qd7 20. Qf4 h6
21. Rxe8+ Rxe8 22. Bd5 Rd8=
1/2-1/2

[Event "Knights of Caissa Norm Tournament #1"]
[Site "SchemingMind.com"]
[Date "2022.08.19"]
[Round "-"]
[White "trazadora"]
[Black "Matthew Bailey"]
[Result "1/2-1/2"]
[WhiteCountry "CUB"]
[BlackCountry "ENG"]
[WhiteElo "2540"]
[WhiteRD "83"]
[BlackElo "2584"]
[BlackRD "72"]
[GameID "726104"]

1. e4 e5 2. Nf3 Nc6 3. Bc4 Bc5 4. d3 Nf6 5. c3 d6 6. O-O O-O 7. h3 a5 8. Re1 h6 9. d4 Ba7 10. Be3 Re8
11. Nbd2 exd4 12. Bxd4 Bxd4 13. Nxd4 Nxd4 14. cxd4 d5 15. exd5 Rxe1+ 16. Qxe1 Nxd5 17. Qe5 Be6 18. Ne4 b6 19. Nc3 c6 20. Nxd5=
1/2-1/2

[Event "Knights of Caissa Norm Tournament #1"]
[Site "SchemingMind.com"]
[Date "2022.08.20"]
[Round "-"]
[White "The Chess Machine"]
[Black "Giraldo Menendez Rodriguez"]
[Result "1/2-1/2"]
[WhiteCountry "ENG"]
[BlackCountry "CUB"]
[WhiteElo "2533"]
[WhiteRD "74"]
[BlackElo "2546"]
[BlackRD "72"]
[GameID "726122"]

1. e4 c5 2. Nf3 d6 3. Bb5+ Bd7 4. Bxd7+ Qxd7 5. c4 Nc6 6. Nc3 Nf6 7. d4 cxd4 8. Nxd4 g6 9. f3 Bg7 10. Be3 O-O
11. O-O a6 12. Qd3 Ne5 13. Qe2 Rac8 14. b3 b5 15. Nd5 Nxd5 16. cxd5 e6 17. dxe6 fxe6 18. h3 d5 19. exd5 exd5 20. Rac1 Nc6
21. Qd2 h5 22. Rfd1 Nxd4 23. Bxd4 Rxc1 24. Rxc1 Rc8 25. Rxc8+ Qxc8 26. Bxg7 Kxg7 27. Qxd5 Qc1+=
1/2-1/2

[Event "Knights of Caissa Norm Tournament #1"]
[Site "SchemingMind.com"]
[Date "2022.08.20"]
[Round "-"]
[White "Giraldo Menendez Rodriguez"]
[Black "The Chess Machine"]
[Result "1/2-1/2"]
[WhiteCountry "CUB"]
[BlackCountry "ENG"]
[WhiteElo "2546"]
[WhiteRD "72"]
[BlackElo "2533"]
[BlackRD "74"]
[GameID "726123"]

1. d4 f5 2. g3 Nf6 3. Bg2 e6 4. c4 d5 5. Nf3 c6 6. Bf4 Be7 7. O-O O-O 8. Nbd2 Nbd7 9. Qc2 Ne8 10. Rfd1 a5
11. h4 h6 12. Rac1 g5 13. hxg5 hxg5 14. Be5 g4 15. Ne1 Nd6 16. Bf4 Rf7 17. Nd3 Rh7 18. f3 Qf8 19. fxg4 Qg7 20. Nf3 Nxc4
21. g5 Nd6 22. Bxd6 Bxd6 23. Kf2 Nf8 24. Qd2 Bd7 25. Rh1 Be8 26. Rxh7 Nxh7 27. Qe3 Bf7 28. Nc5 Bxc5 29. Rxc5 Bh5 30. Qxe6+ Kh8
31. Qe5 Bxf3 32. exf3 Nxg5 33. Rc1 Kg8 34. Re1 Nf7 35. Qf4 Ng5 36. Re5 Rf8 37. Qh4 Qf6 38. f4 Ne6 39. Qh1 Ng7 40. Bf3 Qd8
41. Qh6 Rf6 42. Qg5 Qd6=
1/2-1/2

[Event "Knights of Caissa Norm Tournament #1"]
[Site "SchemingMind.com"]
[Date "2022.08.20"]
[Round "-"]
[White "The Chess Machine"]
[Black "Matthew Bailey"]
[Result "1/2-1/2"]
[WhiteCountry "ENG"]
[BlackCountry "ENG"]
[WhiteElo "2533"]
[WhiteRD "74"]
[BlackElo "2584"]
[BlackRD "72"]
[GameID "726124"]

1. e4 e5 2. Nf3 Nc6 3. Nc3 Nf6 4. d4 exd4 5. Nxd4 Bb4 6. Nxc6 bxc6 7. Bd3 d5 8. exd5 cxd5 9. O-O O-O 10. h3 Be6
11. Qf3 c6 12. Ne2 Bd6 13. Bg5 Be5 14. Qe3 Qd6 15. f4 Bxb2 16. Rab1 Rfb8 17. Rxb2 Rxb2 18. Bxf6 gxf6 19. f5 Bd7 20. Qh6 Kh8
21. Nf4 Rg8 22. Nh5 c5 23. Re1 c4 24. Re6 Qc5+=
1/2-1/2

[Event "Knights of Caissa Norm Tournament #1"]
[Site "SchemingMind.com"]
[Date "2022.08.20"]
[Round "-"]
[White "Matthew Bailey"]
[Black "The Chess Machine"]
[Result "1/2-1/2"]
[WhiteCountry "ENG"]
[BlackCountry "ENG"]
[WhiteElo "2584"]
[WhiteRD "72"]
[BlackElo "2533"]
[BlackRD "74"]
[GameID "726125"]

1. d4 f5 2. h3 Nf6 3. g4 d5 4. Nc3 Nc6 5. g5 Ne4 6. Nf3 e6 7. h4 Nxc3 8. bxc3 Bd6 9. e3 Qe7 10. Bb2 O-O
11. c4 b6 12. Nd2 Na5 13. Rb1 c5 14. cxd5 exd5 15. Bg2 f4 16. dxc5 fxe3 17. Bxd5+ Kh8 18. cxd6 exd2+ 19. Kf1 Qe3 20. Rh2 Qf4
21. Kg1 Bb7 22. Bxb7 Rae8 23. Ba6 Re1+ 24. Qxe1 dxe1=Q+ 25. Rxe1 Qb4 26. Rb1 Kg8 27. Bd3 b5 28. a3 Qxd6 29. g6 h6 30. Bc3 Nc6
31. Rxb5 Qxa3 32. Bc4+ Kh8 33. Rh3 Qc1+ 34. Kg2 Qf4 35. Bf7 a6 36. Rc5 Ne7 37. h5 Nf5 38. Rd3 Nd6 39. Rf3=
1/2-1/2

[Event "Knights of Caissa Norm Tournament #1"]
[Site "SchemingMind.com"]
[Date "2022.08.20"]
[Round "-"]
[White "The Chess Machine"]
[Black "trazadora"]
[Result "1/2-1/2"]
[WhiteCountry "ENG"]
[BlackCountry "CUB"]
[WhiteElo "2533"]
[WhiteRD "74"]
[BlackElo "2540"]
[BlackRD "83"]
[GameID "726126"]

1. e4 e5 2. Nf3 Nc6 3. Nc3 Nf6 4. d4 exd4 5. Nxd4 Bb4 6. Nxc6 bxc6 7. Bd3 O-O 8. O-O d5 9. exd5 cxd5 10. h3 Re8
11. Qf3 c6 12. Bf4 Bd7 13. Rfe1 Bf8 14. Bg5 Rxe1+ 15. Rxe1 Rb8 16. Nd1 h6 17. Bxf6 Qxf6 18. Qxf6 gxf6 19. b3 f5= 20. Ne3 f4
21. Nf5 Kh8 22. Kf1 a5 23. a4 c5 24. Ne7 c4 25. Bf5 cxb3 26. cxb3 Bxf5 27. Nxf5 Rxb3 28. Re8 Kg8 29. Ra8=
1/2-1/2

[Event "Knights of Caissa Norm Tournament #1"]
[Site "SchemingMind.com"]
[Date "2022.08.21"]
[Round "-"]
[White "trazadora"]
[Black "The Chess Machine"]
[Result "1/2-1/2"]
[WhiteCountry "CUB"]
[BlackCountry "ENG"]
[WhiteElo "2540"]
[WhiteRD "83"]
[BlackElo "2533"]
[BlackRD "74"]
[GameID "726127"]

1. e4 e5 2. Nf3 Nc6 3. Bc4 Bc5 4. d3 Nf6 5. h3 h6 6. Nc3 a6 7. a4 d6 8. Ne2 d5 9. exd5 Nxd5 10. O-O O-O
11. Ng3 Be6 12. c3 Re8 13. Re1 Nf6 14. Qc2 Bxc4 15. dxc4 a5 16. Be3 Bf8 17. Rad1 Qc8 18. Re2 Qe6 19. b3 Rad8 20. Rxd8 Rxd8
21. Bf4 Nd7 22. Nf5 Qf6 23. Bg3 g6 24. Ne3 Qg7 25. Nd5 Bd6=
1/2-1/2

[Event "Knights of Caissa Norm Tournament #1"]
[Site "SchemingMind.com"]
[Date "2022.08.26"]
[Round "-"]
[White "The Chess Machine"]
[Black "frankly"]
[Result "1/2-1/2"]
[WhiteCountry "ENG"]
[BlackCountry "ENG"]
[WhiteElo "2533"]
[WhiteRD "74"]
[BlackElo "2541"]
[BlackRD "78"]
[GameID "726213"]

1. c4 e5 2. Nc3 Nf6 3. g3 Bb4 4. e4 Bxc3 5. dxc3 d6 6. f3 a5 7. Nh3 Be6 8. b3 Qe7 9. Nf2 Nfd7 10. Be3 Nc6
11. a4 O-O-O 12. Qd2 f6 13. h4 Kb8 14. Bd3 Qf7 15. O-O-O Ne7 16. Kb2 f5 17. Bc2 Rhf8 18. exf5 Bxf5 19. Ne4 Nf6 20. Rhf1 Qe6
21. Rde1 Bxe4 22. fxe4 Nd7 23. Rd1 Rde8 24. Qe2 Rxf1 25. Rxf1 h6 26. Qf3 Rf8 27. Qh5 Qg8 28. Rxf8+ Qxf8 29. Qg4 Nc5 30. Bxc5 dxc5
31. Qe6 Nc6 32. Qf5 Qe8 33. Bd1 g6 34. Qf2 Qe7 35. Bg4 Nd8 36. Kc2=
1/2-1/2

[Event "Knights of Caissa Norm Tournament #1"]
[Site "SchemingMind.com"]
[Date "2022.08.25"]
[Round "-"]
[White "frankly"]
[Black "The Chess Machine"]
[Result "1/2-1/2"]
[WhiteCountry "ENG"]
[BlackCountry "ENG"]
[WhiteElo "2541"]
[WhiteRD "78"]
[BlackElo "2533"]
[BlackRD "74"]
[GameID "726214"]

1. e4 e5 2. Nf3 Nf6 3. Nxe5 d6 4. Nf3 Nxe4 5. d4 d5 6. Bd3 Be7 7. O-O Nc6 8. c4 Nb4 9. Be2 O-O 10. Nc3 Bf5
11. a3 Nxc3 12. bxc3 Nc6 13. Re1 Re8 14. cxd5 Qxd5 15. Bf4 Rac8 16. Bd3 Qd7 17. Rb1 b6 18. d5 Bxd3 19. Qxd3 Bxa3 20. Ng5 g6
21. Ne4 Qf5 22. Bxc7 Ne5 23. Bxe5 Rxe5 24. f3 h5 25. c4 Bf8 26. Qc3 Rce8 27. Qd2 a5 28. Rbd1 Bb4 29. Qb2 Bxe1 30. Rxe1 Rxe4
31. fxe4 Rxe4 32. Rf1 Rf4 33. Rxf4 Qxf4 34. Qxb6 a4 35. d6 a3 36. Qa6 Qd2 37. g3 a2 38. d7 Kg7 39. d8=Q Qe1+=
1/2-1/2

[Event "Knights of Caissa Norm Tournament #1"]
[Site "SchemingMind.com"]
[Date "2022.08.26"]
[Round "-"]
[White "frankly"]
[Black "Giraldo Menendez Rodriguez"]
[Result "1/2-1/2"]
[WhiteCountry "ENG"]
[BlackCountry "CUB"]
[WhiteElo "2541"]
[WhiteRD "78"]
[BlackElo "2546"]
[BlackRD "72"]
[GameID "726219"]

1. d4 Nf6 2. c4 e6 3. Nf3 d5 4. Nc3 Bb4 5. Bg5 h6 6. Bxf6 Qxf6 7. e3 O-O 8. Rc1 dxc4 9. Bxc4 c5 10. O-O cxd4
11. Ne4 Qe7 12. Nxd4 Bd7 13. Be2 Nc6 14. a3 Nxd4 15. Qxd4 Ba5 16. Qc5 Qxc5 17. Nxc5 Bc6 18. Bf3 Bxf3 19. gxf3 Rfb8 20. Rfd1 b5
21. Kg2 Bd8 22. b4 Rc8 23. Ne4 Rxc1 24. Rxc1 Kf8 25. f4 a5 26. Rc5 axb4 27. axb4 Rb8 28. Rc6 g6 29. Nc5 Kg7 30. Kf3 Be7
31. Nd3 Rb7 32. Nc5 Rb8=
1/2-1/2

[Event "Knights of Caissa Norm Tournament #1"]
[Site "SchemingMind.com"]
[Date "2022.08.25"]
[Round "-"]
[White "Giraldo Menendez Rodriguez"]
[Black "frankly"]
[Result "1/2-1/2"]
[WhiteCountry "CUB"]
[BlackCountry "ENG"]
[WhiteElo "2545"]
[WhiteRD "74"]
[BlackElo "2561"]
[BlackRD "75"]
[GameID "726220"]

1. d4 Nf6 2. c4 e6 3. Nc3 Bb4 4. Bd2 O-O 5. e3 d5 6. Nf3 b6 7. cxd5 exd5 8. Rc1 Bb7 9. Bd3 Be7 10. O-O c5
11. Ne5 Nc6 12. a3 Rc8 13. Bf5 Rb8 14. Qa4 Qe8 15. Bd7 Nxd7 16. Nxc6 Ra8 17. Nxe7+ Qxe7 18. Rfe1 Rfe8 19. f3 Qd6 20. Nb5 Qc6
21. Nc3 Qd6 22. Ne2 a5 23. Qc2 h6 24. Ng3 c4 25. b3 b5 26. b4 a4 27. Re2 Nf8 28. Be1 Qd8 29. Bf2 Ra6 30. Rd1 Rae6
31. Ree1 Qg5 32. Qf5 Bc6 33. Rc1 Qe7 34. Ra1 Qd6 35. Rad1 Qe7 36. Ra1=
1/2-1/2

[Event "Knights of Caissa Norm Tournament #1"]
[Site "SchemingMind.com"]
[Date "2022.08.25"]
[Round "-"]
[White "frankly"]
[Black "Matthew Bailey"]
[Result "1/2-1/2"]
[WhiteCountry "ENG"]
[BlackCountry "ENG"]
[WhiteElo "2541"]
[WhiteRD "78"]
[BlackElo "2584"]
[BlackRD "72"]
[GameID "726221"]

1. e4 e5 2. Nf3 Nc6 3. Bb5 a6 4. Ba4 Nf6 5. O-O Be7 6. Re1 b5 7. Bb3 O-O 8. c3 d5 9. exd5 Nxd5 10. Nxe5 Nxe5
11. Rxe5 c6 12. d4 Bd6 13. Re1 Qh4 14. g3 Qh3 15. Be3 Bg4 16. Qd3 Rae8 17. Nd2 Qh5 18. a4 Re6 19. axb5 axb5 20. Qf1 h6
21. f3 Nxe3 22. Qf2 Nd5 23. fxg4 Qxg4 24. Qf3 Qg5 25. Rxe6 fxe6 26. Qd3 Nf4 27. Qf1 Qg4 28. Kh1 Nh3=
1/2-1/2

[Event "Knights of Caissa Norm Tournament #1"]
[Site "SchemingMind.com"]
[Date "2022.08.25"]
[Round "-"]
[White "Matthew Bailey"]
[Black "frankly"]
[Result "1-0"]
[WhiteCountry "ENG"]
[BlackCountry "ENG"]
[WhiteElo "2584"]
[WhiteRD "72"]
[BlackElo "2541"]
[BlackRD "78"]
[GameID "726222"]

1. d4 Nf6 2. c4 e6 3. Nc3 Bb4 4. f3 d5 5. a3 Bxc3+ 6. bxc3 c5 7. cxd5 Nxd5 8. dxc5 Qa5 9. e4 Ne7 10. Be3 O-O
11. Qb3 Qc7 12. Bb5 Nec6 13. Ne2 Na5 14. Qb4 e5 15. O-O Na6 16. Bxa6 bxa6 17. Rad1 Be6 18. Rd5 Rfb8 19. Qa4 Bxd5 20. exd5 Rb5
21. Qe4 Rxc5 22. d6 Qc6 23. Bxc5 Qxc5+ 24. Kh1 Rd8 25. Rd1 Nc4 26. h3 g6 27. d7 Nb6 28. Qb7 Qb5 29. Ng3 Rxd7 30. Rxd7 Nxd7
31. Qc7 Nf6 32. Qxa7 Kg7 33. Qe3 Nd7 34. Qe4 Nf6 35. Qe3 h6 36. h4 Qd5 37. h5 e4 38. Nxe4 Nxe4 39. fxe4 Qxh5+ 40. Kg1 Qf5
41. exf5
1-0

[Event "Knights of Caissa Norm Tournament #1"]
[Site "SchemingMind.com"]
[Date "2022.08.26"]
[Round "-"]
[White "frankly"]
[Black "trazadora"]
[Result "1/2-1/2"]
[WhiteCountry "ENG"]
[BlackCountry "CUB"]
[WhiteElo "2561"]
[WhiteRD "75"]
[BlackElo "2538"]
[BlackRD "77"]
[GameID "726223"]

1. d4 d5 2. c4 e6 3. Nf3 Nf6 4. Nc3 c6 5. Bg5 h6 6. Bxf6 Qxf6 7. e3 Nd7 8. Be2 g6 9. O-O dxc4 10. Ne4 Qe7
11. Ne5 Bg7 12. f4 O-O 13. Bxc4 Nf6 14. Nxf6+ Bxf6 15. Qf3 c5 16. dxc5 Qxc5 17. Bd3 Qe7 18. Rad1 Rd8 19. Bb1 Bd7 20. Qxb7 Be8
21. Qxe7 Bxe7 22. Be4 Rxd1 23. Rxd1 Rc8 24. Kf2 g5=
1/2-1/2

[Event "Knights of Caissa Norm Tournament #1"]
[Site "SchemingMind.com"]
[Date "2022.08.27"]
[Round "-"]
[White "trazadora"]
[Black "frankly"]
[Result "1/2-1/2"]
[WhiteCountry "CUB"]
[BlackCountry "ENG"]
[WhiteElo "2538"]
[WhiteRD "77"]
[BlackElo "2561"]
[BlackRD "75"]
[GameID "726224"]

1. e4 e5 2. Nf3 Nc6 3. Bc4 Bc5 4. O-O Nf6 5. Nc3 d6 6. d3 a5 7. Bg5 h6 8. Be3 Nd4 9. Bxd4 exd4 10. Ne2 Bg4
11. Ng3 c6 12. h3 Bxf3 13. Qxf3 O-O 14. a4 g6 15. Rae1 Rb8 16. Bb3 Kg7 17. e5 dxe5 18. Rxe5 Bb4 19. Re2 Qc7 20. Ne4 Nd7
21. c3 Be7 22. Rfe1 Rbd8 23. Bc4=
1/2-1/2